[Event "FRA-ch op-A"]
[Site "Aix les Bains"]
[Date "2007.08.20"]
[Round "7"]
[White "Trouilleux, Kevin"]
[Black "Le Ruyet, Leopold"]
[Result "0-1"]
[WhiteElo "2159"]
[BlackElo "2016"]
[PlyCount "56"]
[EventDate "2007.08.13"]
[EventType "swiss"]
[EventRounds "11"]
[EventCountry "FRA"]
[SourceTitle "CBM 120 Extra"]
[Source "ChessBase"]
[SourceDate "2007.11.01"]
[SourceVersion "1"]
[SourceVersionDate "2007.11.01"]
[SourceQuality "1"]

1. e4 c5 2. Nf3 d6 3. b4 cxb4 4. d4 Nf6 5. Nbd2 e6 6. Bd3 Nc6 7. Bb2 d5 8. e5 Nd7 9. 0-0 Nb6 10. c3 bxc3 11. Bxc3 Bb4 12. Bb2 0-0 13. a3 Be7 14. Qc2 h6 15. g4 Bd7 16. Kh1 Rc8 17. Qb1 Na5 18. Rg1 Nac4 19. Bc1 Rc7 20. Nf1 f6 21. Rg3 fxe5 22. dxe5 Bc5 23. g5 Rxf3 24. Bh7+ Kh8 25. gxh6 Rxg3 26. Nxg3 Be8 27. f4 gxh6 28. Bg6 d4 0-1

[Event "Provence-ch 0405"]
[Site "Provence"]
[Date "2004.12.11"]
[Round "4"]
[White "Trouilleux, Kevin"]
[Black "Deleau, Denis"]
[Result "1/2-1/2"]
[WhiteElo "2132"]
[BlackElo "2037"]
[PlyCount "41"]
[EventDate "2004.10.16"]
[EventType "tourn"]
[EventRounds "9"]
[EventCountry "FRA"]
[SourceTitle "EXT 2007"]
[Source "ChessBase"]
[SourceDate "2006.11.23"]
[SourceVersion "1"]
[SourceVersionDate "2006.11.23"]
[SourceQuality "1"]

1. e4 e5 2. Nc3 Nf6 3. f4 d5 4. exd5 e4 5. d3 Bb4 6. Bd2 0-0 7. dxe4 Bxc3 8. Bxc3 Nxe4 9. Nf3 Bg4 10. Be2 Re8 11. 0-0 Nxc3 12. bxc3 Qe7 13. Bd3 Qe3+ 14. Kh1 Qxf4 15. Rb1 Nd7 16. Rb4 Bxf3 17. Rxf3 Qe5 18. Re4 Qxd5 19. Rd4 Qc6 20. Rc4 Qd6 21. Rd4 1/2-1/2